Statistics for Yakko's World True or False

Click here to take the quiz!

General Stats

  • This quiz has been taken 104 times
  • The average score is 4 of 5

Answer Stats

QuestionAnswer% Correct
Yakko says Korea but both light upTrue
94%
The map shows USSR but Yakko says RussiaTrue
89%
Yakko says 3 -stan countriesFalse
83%
In the 'Every thing wrong with Yakko's World' there is more than 100 sinsTrue
73%
The voice actor of Yakko took over 100 attempts before completing the songFalse
32%

Score Distribution

Percentile by Number Answered

Percent of People with Each Score

Your Score History

You have not taken this quiz